000 01162nam a2200265 a 4500
001 BRCA_998
005 20190320203234.0
008 940112s1993 gw-a---##b---#000-0#eng-d
020 _a379131260X
050 4 _aND588.E7
_b.C36 1993
100 1 _aCamfield, William A.
_93297
245 1 0 _aMax Ernst
_bdada and the dawn of surrealism
_cWilliam A. Camfield ; with an introductory essay by Werner Spies and a preface by Walter Hopps.
260 _aNueva York
_bNeues Pub. Co.
_c1993
300 _a373 p.
_bil. (algunas a color)
_c30 cm.
500 _aCatálogo de la exposición realizada en el Museum of Modern Art (New York), 14 marzo - 2 mayo, 1993 ; the Menil Collection (Houston) 28 mayo - 29 agosto, 1993 ; the Art Institute of Chicago, 15 septiembre - 30 noviembre, 1993
500 _aIncluye cronología y lista de trabajadores
504 _aBibliografía: p. 353-359
600 1 4 _aErnst, Max
_d1891-1976
_vExposiciones
_93298
650 1 4 _aDadaísmo
_vExposiciones
_93299
650 1 4 _aSurrealismo
_vExposiciones
_93300
700 1 _aErnst, Max
_d1891-1976
_93301
700 1 _aSpies, Werner
_d1937-
_93302
700 1 _aHopps, Walter
_93303
942 _2lcc
_cB
999 _c882
_d882